LEADER 00852nam0 2200265 450 001 000020574 005 20081215131508.0 100 $a20081215d1985----km-y0itay50------ba 101 0 $aita 102 $aIT 105 $ay-------001yy 200 1 $aRapporto sull'economia pubblica della Toscana$e1985$fIRPET, Istituto per la programmazione regionale della Toscana 210 $aFirenze$cAngeli$d1985 215 $a95 p.$cill.$d22 cm 225 2 $aIRPET$v2 410 0$12001$aIRPET 500 10$aRapporto sull'economia pubblica della Toscana$960726 610 1 $aFinanza locale$aToscana$a1980-1985 676 $a336.01$v20 712 02$aIRPET 801 0$aIT$bUNIPARTHENOPE$c20081215$gRICA$2UNIMARC 912 $a000020574 951 $a126/107$b6159$cNAVA2$d2008 996 $aRapporto sull'economia pubblica della Toscana$960726 997 $aUNIPARTHENOPE LEADER 00973nam0-22003371i-450- 001 990001361700403321 005 20100520142623.0 010 $a9780387949949$z7-387-94994-1 035 $a000136170 035 $aFED01000136170 035 $a(Aleph)000136170FED01 035 $a000136170 100 $a20001205d1997----km-y0itay50------ba 101 0 $aeng 200 1 $aTopological Spaces$eFrom distance to neighborhood$fGerard Buskes, Arnoud van Rooij 210 $aNew York$cSpringer-Verlag$dc1997 215 $axi, 313 p.$cill.$d24 cm 225 1 $aUndergraduate Texts in Mathematics 610 0 $aTopologia generale 676 $a514.322 700 1$aBuskes,$bGerard$061573 702 1$aRooij,$bArnoud C. M. van$f<1936- > 801 0$aIT$bUNINA$gRICA$2UNIMARC 901 $aBK 912 $a990001361700403321 952 $aC-4-(83$b15509$fMA1 959 $aMA1 962 $a54-01 962 $a55A05 996 $aTopological Spaces$9375384 997 $aUNINA